000 00499nam a2200181Ia 4500
003 OSt
005 20260106150012.0
008 210210b1954 xxu||||| |||| 00| 0 eng d
040 _cAL
041 _aKannada
082 _a859/1469
100 _aRAJAGOPAL (K V)
_9155672
_dರಾಜಗೋಪಾಲ್ (ಕೆ ವಿ)
245 _aRaga jayanti:
_bರಾಗ ಜಯಂತಿ
260 _aMaisuru
_bSharada Mandira
_c1954
690 _aKannada Fiction
_9155673
906 _a022201
942 _2ddc
_cBK
999 _c146329
_d146329